000
00231nam a2200085Ia 4500
245
0
_a
The kindly ones : a novel
100
_a
LITTELL, Jonathan London, 2009
_9
79497
942
_c
BK
008
210819s9999 xx 000 0 und d
999
_c
277315
_d
277314